书目信息 |
| 题名: |
德国
|
|
| 作者: | 张炳杰 著 | |
| 分册: | ||
| 出版信息: | 北京 旅游教育出版社 1995.2 |
|
| 页数: | 214页 | |
| 开本: | 32开 | |
| 丛书名: | ||
| 单 册: | ||
| 中图分类: | K516.0 | |
| 科图分类: | ||
| 主题词: | 东欧--历史 , 中欧--历史 | |
| 电子资源: | ||
| ISBN: | 7-5637-0593-7 | |
| 000 | 00621nam0 2200217 45 | |
| 001 | 0012250834 | |
| 005 | 20031219104048.3 | |
| 010 | @a7-5637-0593-7@dCNY6.00 | |
| 100 | @a20001225d1995 km y0chiy0120 ea | |
| 101 | 0 | @achi |
| 105 | @a z 000yy | |
| 200 | 1 | @a德国@ADe Guo@e历史与现状@ELi Shi Yu Xian Zhuang@f张炳杰著@FZhang Bing Jie Zhu |
| 210 | @a北京@c旅游教育出版社@d1995.2 | |
| 215 | @a214页@d32开 | |
| 517 | @a历史与现状@ALi Shi Yu Xian Zhuang | |
| 606 | 0 | @a东欧@x历史 |
| 606 | 0 | @a中欧@x历史 |
| 690 | @aK516.0@v1 | |
| 701 | 0 | @a张炳杰@4著 |
| 801 | @aCN@bTSTC@c20001225 | |
| 905 | @b294141-142@dK516.0@e14@f2 | |
| 德国:历史与现状/张炳杰著.-北京:旅游教育出版社,1995.2 |
| 214页;32开 |
| ISBN 7-5637-0593-7:CNY6.00 |
| ● |
| 相关链接 |
|
|
|
|
正题名:德国
索取号:K516.0/14
 
预约/预借
| 序号 | 登录号 | 条形码 | 馆藏地/架位号 | 状态 | 备注 |
| 1 | 0294141 | 002941419 | 第二借阅区/ [索取号:K516.0/14] | 在馆 | |
| 2 | 0294142 | 002941428 | 第二样本阅览室/ [索取号:K516.0/14] | 在馆 |